Anales del Museo Nacional de México /

En este volumen se encuentran tres artículos acerca de los nahuas.

Spremljeno u:
Bibliografski detalji
Format: Knjiga
Jezik:španjolski
Serija:(Anales del Museo Nacional de México ; 7)
Teme:
Oznake: Dodaj oznaku
Bez oznaka, Budi prvi tko označuje ovaj zapis!

MARC

LEADER 00000nam^a2200000^a^4500
001 000136301
005 20250526000000.0
009 20260310095315.537
037 |a Acervo ITESO - Biblioteca 
041 |a ESP 
082 |a 972.  |b ANA 1903 V. 7 
240 1 1 |a [Anales del Museo Nacional de México] 
245 0 0 |a Anales del Museo Nacional de México / 
264 |a México :  |b Museo Nacional,  |c 1903 
300 |a 64 p. ;  |c 32.5 cm. 
440 1 |a (Anales del Museo Nacional de México ;  |v 7) 
520 |a En este volumen se encuentran tres artículos acerca de los nahuas. 
649 |a XX 
650 |a Nahuas 
650 |a Indígenas de México -  |x Historia 
650 |a México -  |x Historia -  |y Epoca Prehispánica 
910 |a Fondo Salvador Reynoso Reynoso 
920 |a Impresos - Libros 
930 |a Libros Antiguos y Raros 
905 |a 108 
901 |a 0800013961  |b IT2  |c LRA  |u 20250526 
902 |a https://opac.biblio.iteso.mx/vufind/Record/000136301